Technician's guide to fiber optics
| Main Author: | |
|---|---|
| Format: | Book |
| Published: |
Albany, N. Y.
Delmar
c1987
|
| Subjects: |
MARC
| LEADER | 00000cam a2200000 7i4500 | ||
|---|---|---|---|
| 001 | 0000000241 | ||
| 008 | 021118n | ||
| 020 | |a 0827326122 | ||
| 090 | 0 | 0 | |a TA1800 |b .S74 1987 |
| 100 | 0 | |a Sterling, Donald J. |e author | |
| 245 | 0 | 0 | |a Technician's guide to fiber optics |c Donald J. Sterling, Jr.. |
| 260 | 2 | |a Albany, N. Y. |b Delmar |c c1987 | |
| 300 | |a vii, 242 p. ; |c 24 cm. | ||
| 650 | 0 | |a Fiber optics | |
| 999 | |a 1000035489 |b Book |c OPEN SHELF (30 DAYS) |e Gong Badak Campus | ||